[Event "ITA-ch U20"]
[Site "Bratto"]
[Date "2006.08.22"]
[Round "4"]
[White "Dini, Andrea"]
[Black "Testa, Adriano"]
[Result "1/2-1/2"]
[WhiteElo "1930"]
[BlackElo "1729"]
[PlyCount "71"]
[EventDate "2006.08.19"]
[EventType "swiss"]
[EventRounds "9"]
[EventCountry "ITA"]
[SourceTitle "CBM 113 Extra"]
[Source "ChessBase"]
[SourceDate "2006.09.14"]
[SourceVersion "1"]
[SourceVersionDate "2006.09.14"]
[SourceQuality "1"]

1. c4 e6 2. Nf3 d5 3. d4 Nf6 4. Qc2 c6 5. Nbd2 Nbd7 6. g3 Be7 7. Bg2 0-0 8. 0-0 b6 9. e4 dxe4 10. Nxe4 Bb7 11. Ne5 Nxe5 12. dxe5 Nxe4 13. Qxe4 Qc7 14. Rd1 Rab8 15. Bd2 c5 16. Qe2 Bxg2 17. Kxg2 Rfd8 18. Bc3 Qc6+ 19. Kg1 Rbc8 20. Rac1 a5 21. f3 Qa8 22. Kf2 Rc7 23. Qe4 Qxe4 24. fxe4 Rcd7 25. Ke2 Rxd1 26. Rxd1 Rxd1 27. Kxd1 Bd8 28. Kc2 Kf8 29. Kb3 Ke8 30. Ka4 Kd7 31. Kb5 Kc7 32. a3 Be7 33. Bd2 Kb7 34. g4 h6 35. Bf4 Bd8 36. Bd2 1/2-1/2

[Event "ITA-ch U20"]
[Site "Bratto"]
[Date "2006.08.20"]
[Round "2"]
[White "Dini, Andrea"]
[Black "Bernardini, Luca"]
[Result "1/2-1/2"]
[WhiteElo "1930"]
[BlackElo "1826"]
[PlyCount "85"]
[EventDate "2006.08.19"]
[EventType "swiss"]
[EventRounds "9"]
[EventCountry "ITA"]
[SourceTitle "CBM 113 Extra"]
[Source "ChessBase"]
[SourceDate "2006.09.14"]
[SourceVersion "1"]
[SourceVersionDate "2006.09.14"]
[SourceQuality "1"]

1. d4 d5 2. c4 c6 3. Nf3 Nf6 4. Nbd2 e6 5. g3 Nbd7 6. Bg2 Bd6 7. 0-0 0-0 8. b3 e5 9. cxd5 e4 10. Ng5 cxd5 11. f3 Nh5 12. Nb1 h6 13. Nh3 Ndf6 14. Nc3 Bd7 15. Nf2 Qc7 16. Bb2 Nxg3 17. hxg3 Bxg3 18. fxe4 Bh2+ 19. Kh1 Qg3 20. Qd3 Qh4 21. Bh3 Bg3 22. Kg2 Nh5 23. Bc1 Bxf2 24. Rxf2 dxe4 25. Qe3 Bxh3+ 26. Qxh3 Qxh3+ 27. Kxh3 Nf6 28. Ba3 Rfc8 29. Rc1 a6 30. e3 Rc7 31. Nb1 Rxc1 32. Bxc1 Rc8 33. Bb2 Nd5 34. Re2 f5 35. Na3 b5 36. Rc2 Rxc2 37. Nxc2 g5 38. Bc1 Kf7 39. Bd2 h5 40. Kg3 Kg6 41. Nb4 f4+ 42. exf4 gxf4+ 43. Kg2 1/2-1/2

[Event "Hotel Montesano op-A"]
[Site "Villa San Giovanni"]
[Date "2005.09.13"]
[Round "7"]
[White "Cordi, Domenico"]
[Black "Dini, Andrea"]
[Result "1/2-1/2"]
[WhiteElo "2086"]
[BlackElo "1875"]
[PlyCount "133"]
[EventDate "2005.09.07"]
[EventType "swiss"]
[EventRounds "9"]
[EventCountry "ITA"]
[SourceTitle "CBM 108 Extra"]
[Source "ChessBase"]
[SourceDate "2005.11.04"]
[SourceVersion "1"]
[SourceVersionDate "2005.11.04"]
[SourceQuality "1"]

1. e4 c5 2. Nf3 d6 3. d4 cxd4 4. Nxd4 Nf6 5. Nc3 g6 6. Bc4 Bg7 7. f3 0-0 8. Be3 Nc6 9. Qd2 Bd7 10. 0-0-0 Rc8 11. Bb3 Ne5 12. h4 h5 13. Bh6 Nc4 14. Bxc4 Rxc4 15. Bxg7 Kxg7 16. Nd5 Nxd5 17. exd5 b5 18. Rhe1 Rc5 19. Qe3 Re8 20. Nb3 Rc7 21. Rd2 Qc8 22. Qg5 Bf5 23. Nd4 Rc4 24. Rxe7 Rxe7 25. Nxf5+ Qxf5 26. Qxe7 Qf4 27. Qxa7 Qxh4 28. Qf2 Qg5 29. b3 Rh4 30. c3 Rh1+ 31. Kb2 Kh7 32. Qe2 Rg1 33. a4 bxa4 34. bxa4 Qf4 35. Qf2 Rh1 36. Qd4 Qf5 37. Qe4 Qg5 38. f4 Qf6 39. a5 Qd8 40. Qb4 Re1 41. Qb6 Qa8 42. a6 Re8 43. Qxd6 Rb8+ 44. Ka3 Rb5 45. Ka4 Rb1 46. Rd4 Qe8+ 47. Qc6 Qe2 48. Ka5 Qa2+ 49. Ra4 Qf2 50. Rb4 Ra1+ 51. Kb5 Qe2+ 52. c4 Qa2 53. Qb7 Qa5+ 54. Kc6 Qd8 55. Qxf7+ Kh6 56. Kb7 Re1 57. a7 Re7+ 58. Qxe7 Qxe7+ 59. Kc6 Qxa7 60. d6 Qa6+ 61. Kd5 Qa5+ 62. Rb5 Qa8+ 63. Kc5 Qa3+ 64. Kc6 Qa8+ 65. Kc7 Qa7+ 66. Kc8 Qa8+ 67. Kc7 1/2-1/2

[Event "Hotel Montesano op-A"]
[Site "Villa San Giovanni"]
[Date "2005.09.11"]
[Round "5"]
[White "Tomaselli, Maurizio"]
[Black "Dini, Andrea"]
[Result "1/2-1/2"]
[WhiteElo "2065"]
[BlackElo "1875"]
[PlyCount "97"]
[EventDate "2005.09.07"]
[EventType "swiss"]
[EventRounds "9"]
[EventCountry "ITA"]
[SourceTitle "CBM 108 Extra"]
[Source "ChessBase"]
[SourceDate "2005.11.04"]
[SourceVersion "1"]
[SourceVersionDate "2005.11.04"]
[SourceQuality "1"]

1. e4 c5 2. Nc3 Nc6 3. g3 g6 4. Bg2 Bg7 5. f4 d6 6. Nf3 e6 7. 0-0 Nge7 8. d3 0-0 9. a4 Nd4 10. Ne2 Nec6 11. c3 Nxf3+ 12. Bxf3 e5 13. f5 Bf6 14. Bh6 Bg7 15. Qd2 f6 16. g4 g5 17. Bxg7 Kxg7 18. Ng3 Bd7 19. Rae1 Be8 20. Bd1 Bf7 21. Rf2 h6 22. h4 Rh8 23. Rh2 Qc7 24. Rh3 Raf8 25. Qh2 Qd8 26. Kf2 Rh7 27. Rh1 Rfh8 28. hxg5 fxg5 29. Ke1 Qf6 30. Bb3 Kf8 31. Bxf7 Qxf7 32. Qc2 Ne7 33. f6 Ng6 34. Nf5 Qxf6 35. Rxh6 Rxh6 36. Rxh6 Rxh6 37. Nxh6 Nf4 38. Nf5 Qh8 39. Nxd6 Qh1+ 40. Kd2 Qg2+ 41. Kc1 Qf1+ 42. Qd1 Nxd3+ 43. Kc2 Qxd1+ 44. Kxd1 Nxb2+ 45. Kc2 Nxa4 46. Nxb7 c4 47. Na5 Nb6 48. Nc6 Nd7 49. Nxa7 1/2-1/2

[Event "Hotel Montesano op-A"]
[Site "Villa San Giovanni"]
[Date "2005.09.10"]
[Round "4"]
[White "Dini, Andrea"]
[Black "Pegoraro, Nicola"]
[Result "0-1"]
[WhiteElo "1875"]
[BlackElo "2085"]
[PlyCount "84"]
[EventDate "2005.09.07"]
[EventType "swiss"]
[EventRounds "9"]
[EventCountry "ITA"]
[SourceTitle "CBM 108 Extra"]
[Source "ChessBase"]
[SourceDate "2005.11.04"]
[SourceVersion "1"]
[SourceVersionDate "2005.11.04"]
[SourceQuality "1"]

1. d4 f5 2. e4 fxe4 3. Nc3 Nf6 4. Bg5 c6 5. Bxf6 exf6 6. Nxe4 d5 7. Ng3 Qe7+ 8. Qe2 Na6 9. 0-0-0 Qxe2 10. Bxe2 Be6 11. Re1 Kd7 12. Nf3 Bd6 13. c3 g6 14. Bd3 Nc7 15. h3 Bf7 16. Kb1 Ne6 17. Ne2 Rae8 18. g3 Ng7 19. Nc1 Be6 20. a3 Bc7 21. Nb3 b6 22. Nbd2 Bf5 23. Bxf5+ Nxf5 24. Rxe8 Rxe8 25. Re1 Rxe1+ 26. Nxe1 Nd6 27. Kc2 Ne4 28. Nxe4 dxe4 29. Kd2 Ke6 30. c4 a5 31. a4 Bd6 32. Nc2 Bf8 33. Ke3 f5 34. g4 Bh6+ 35. f4 g5 36. d5+ cxd5 37. Nd4+ Kf6 38. Nxf5 gxf4+ 39. Ke2 Bf8 40. cxd5 Ke5 41. h4 Kxd5 42. h5 Ke5 0-1

[Event "Hotel Montesano op-A"]
[Site "Villa San Giovanni"]
[Date "2005.09.07"]
[Round "1"]
[White "Rombaldoni, Axel"]
[Black "Dini, Andrea"]
[Result "1-0"]
[WhiteElo "2137"]
[BlackElo "1875"]
[PlyCount "67"]
[EventDate "2005.09.07"]
[EventType "swiss"]
[EventRounds "9"]
[EventCountry "ITA"]
[SourceTitle "CBM 108 Extra"]
[Source "ChessBase"]
[SourceDate "2005.11.04"]
[SourceVersion "1"]
[SourceVersionDate "2005.11.04"]
[SourceQuality "1"]

1. e4 c5 2. Nf3 d6 3. d4 cxd4 4. Nxd4 Nf6 5. Nc3 g6 6. Be3 Bg7 7. f3 0-0 8. Bc4 Nc6 9. Bb3 Bd7 10. Qd2 Rc8 11. g4 Ne5 12. h4 Qa5 13. 0-0-0 Rc4 14. Bxc4 Nxc4 15. Qe1 Qb4 16. Nb3 Rc8 17. Bd4 e5 18. Bf2 Be6 19. g5 Ne8 20. Nd5 Qxe1 21. Rhxe1 Bxd5 22. Rxd5 b6 23. Nd2 Nxd2 24. Rxd2 Kf8 25. a4 Rc7 26. Re3 h5 27. Rb3 Rb7 28. a5 b5 29. a6 Rb8 30. Rd5 b4 31. c3 Ke7 32. Rxb4 Rxb4 33. cxb4 Nc7 34. Ra5 1-0